Vishayadaritha kannada bhodhana vidhana (Record no. 239776)

MARC details
000 -LEADER
fixed length control field 00557nam a2200181Ia 4500
003 - CONTROL NUMBER IDENTIFIER
control field OSt
005 - DATE AND TIME OF LATEST TRANSACTION
control field 20250806095842.0
008 - FIXED-LENGTH DATA ELEMENTS--GENERAL INFORMATION
fixed length control field 250729s2012 xx 000 0 und d
040 ## - CATALOGING SOURCE
Transcribing agency AL
041 ## - LANGUAGE CODE
Language code of text/sound track or separate title Kannada
082 ## - DEWEY DECIMAL CLASSIFICATION NUMBER
Classification number 494.507 SHIV
100 ## - MAIN ENTRY--PERSONAL NAME
Personal name S.Shivayya
9 (RLIN) 232425
Dates associated with a name ಎಸ್.ಶಿವಯ್ಯ
245 ## - TITLE STATEMENT
Title Vishayadaritha kannada bhodhana vidhana
Remainder of title ವಿಷಯಾಧಾರಿತ ಕನ್ನಡ ಬೋಧನಾ ವಿಧಾನ
260 ## - PUBLICATION, DISTRIBUTION, ETC.
Place of publication, distribution, etc. Dhavanagere
Name of publisher, distributor, etc. Pooja Prakashana
Date of publication, distribution, etc. 2012
300 ## - PHYSICAL DESCRIPTION
Extent 310p
650 ## - SUBJECT ADDED ENTRY--TOPICAL TERM
Topical term or geographic name entry element Kannada
9 (RLIN) 232426
942 ## - ADDED ENTRY ELEMENTS (KOHA)
Source of classification or shelving scheme Dewey Decimal Classification
Koha item type Book
Holdings
Withdrawn status Lost status Damaged status Not for loan Home library Current library Date acquired Source of acquisition Cost, normal purchase price Total Checkouts Full call number Barcode Date last seen Cost, replacement price Price effective from Koha item type
        St Aloysius Library St Aloysius Library 07/29/2025 Management Books 265.00   494.507 SHIV BED04734 07/29/2025 265.00 07/29/2025 Book
        St Aloysius Library St Aloysius Library 07/29/2025 Management Book 265.00   494.507 SHIV BED05095 07/29/2025 265.00 07/29/2025 Book